MARC

LEADER 00000nam0a2200000 4500
001 306548
005 20231102001914.0
035 |a (RuTPU)RU\TPU\book\331825 
090 |a 306548 
100 |a 20151008d1981 m y0rusy50 ca 
101 0 |a rus 
102 |a RU 
105 |a a j 001zy 
200 1 |a Системы автоматизированного проектирования технологических процессов ковки и объемной штамповки  |e конспект лекций  |f А. Э. Даммер  |g Челябинский политехнический институт (ЧелПИ), Кафедра "Машины и технология обработки металлов давлением" 
210 |a Челябинск  |c Изд-во ЧПИ  |d 1981 
215 |a 75 с.  |c ил. 
320 |a Библиогр.: с. 73 
606 1 |a Кузнечное производство  |x Технологическое проектирование  |2 stltpush  |3 (RuTPU)RU\TPU\subj\16604  |9 42562 
606 1 |a Штамповка металлов  |x Технологическое проектирование  |x Автоматизация  |2 stltpush  |3 (RuTPU)RU\TPU\subj\19437  |9 44677 
610 1 |a ковка 
610 1 |a объемная штамповка 
610 1 |a системы автоматизированного проектирования 
610 1 |a проектирование 
610 1 |a учебные пособия 
610 1 |a лекции 
675 |a 621.735.042(075.8)  |v 4 
675 |a 621.735(075.8)  |v 4 
700 1 |a Даммер  |b А. Э. 
712 0 2 |a Челябинский политехнический институт (ЧелПИ)  |b Кафедра "Машины и технология обработки металлов давлением"  |c (1951-1990)  |2 stltpush  |3 (RuTPU)RU\TPU\col\7924 
801 1 |a RU  |b 63413507  |c 20151008 
801 2 |a RU  |b 63413507  |c 20170818  |g RCR 
942 |c BK